Theories of political economy / (Record no. 6158)
[ view plain ]
| 000 -LEADER | |
|---|---|
| fixed length control field | 00983cam a22002895a 4500 |
| 008 - FIXED-LENGTH DATA ELEMENTS--GENERAL INFORMATION | |
| fixed length control field | 150816t1992 at ||f |||| 001 0 eng d |
| 010 ## - LIBRARY OF CONGRESS CONTROL NUMBER | |
| LC control number | 92007793 |
| 020 ## - INTERNATIONAL STANDARD BOOK NUMBER | |
| International Standard Book Number | 0521415616 (hc) |
| 020 ## - INTERNATIONAL STANDARD BOOK NUMBER | |
| International Standard Book Number | 9780521425780 |
| 020 ## - INTERNATIONAL STANDARD BOOK NUMBER | |
| International Standard Book Number | 0521425786 (pb) |
| 040 ## - CATALOGING SOURCE | |
| Original cataloging agency | EG-ScBUE |
| Language of cataloging | eng |
| Transcribing agency | EG-ScBUE |
| 082 04 - DEWEY DECIMAL CLASSIFICATION NUMBER | |
| Classification number | 338.9 |
| Item number | CAP |
| Edition number | 22 |
| 100 1# - MAIN ENTRY--PERSONAL NAME | |
| Personal name | Caporaso, James A., |
| 245 10 - TITLE STATEMENT | |
| Title | Theories of political economy / |
| Statement of responsibility, etc | James A. Caporaso, David P. Levine. |
| 260 ## - PUBLICATION, DISTRIBUTION, ETC. (IMPRINT) | |
| Place of publication, distribution, etc | Cambridge ; |
| -- | New York : |
| Name of publisher, distributor, etc | Cambridge University Press,1992 |
| Date of publication, distribution, etc | 1992. |
| 300 ## - PHYSICAL DESCRIPTION | |
| Extent | viii, 243 p. : |
| Other physical details | ill, ; |
| Dimensions | 24 cm. |
| 500 ## - GENERAL NOTE | |
| General note | index 239-243. |
| 504 ## - BIBLIOGRAPHY, ETC. NOTE | |
| Bibliography, etc | Includes bibliographical references . |
| 650 #0 - SUBJECT ADDED ENTRY--TOPICAL TERM | |
| Topical term or geographic name as entry element | Economics. |
| Source of heading or term | BUEsh |
| 650 #0 - SUBJECT ADDED ENTRY--TOPICAL TERM | |
| Topical term or geographic name as entry element | Political science. |
| Source of heading or term | BUEsh |
| 651 ## - SUBJECT ADDED ENTRY--GEOGRAPHIC NAME | |
| Source of heading or term | BUEsh |
| 653 ## - INDEX TERM--UNCONTROLLED | |
| Resource For college | BAEPS, Business Administration |
| Arrived date list | August2015 |
| 655 ## - INDEX TERM--GENRE/FORM | |
| Form subdivision | |
| -- | 33728 |
| 700 1# - ADDED ENTRY--PERSONAL NAME | |
| Personal name | Levine, David P., |
| Dates associated with a name | 1948- |
| 856 42 - ELECTRONIC LOCATION AND ACCESS | |
| Materials specified | Publisher description |
| Uniform Resource Identifier | <a href="http://www.loc.gov/catdir/description/cam025/92007793.html">http://www.loc.gov/catdir/description/cam025/92007793.html</a> |
| 942 ## - ADDED ENTRY ELEMENTS (KOHA) | |
| Item type | Book - Borrowing |
| Call number prefix | 338.9C1734 |
| Source of classification or shelving scheme | Dewey Decimal Classification |
| Withdrawn status | Item status | Damaged status | Not for loan | Home library | Current library | Shelving location | Date acquired | Source of acquisition | Total Checkouts | Full call number | Barcode | Date last seen | Cost, replacement price | Koha item type | Source of classification or shelving scheme | Total Renewals | Date last borrowed | Vendor | Cost, normal purchase price | Serial Enumeration / chronology |
|---|---|---|---|---|---|---|---|---|---|---|---|---|---|---|---|---|---|---|---|---|
| Central Library | Central Library | First floor | 07/02/2011 | Purchase | 1 | 338.9 CAP | 000002250 | 15/07/2025 | 92.70 | Book - Borrowing | ||||||||||
| Central Library | Central Library | First floor | 14/11/2007 | Purchase | 338.9 CAP | 000006608 | 15/07/2025 | NB - Book (Non borrowing) | Dewey Decimal Classification | |||||||||||
| Central Library | Central Library | First floor | 07/11/2014 | Purchase | 338.9 CAP | 000007638 | 15/07/2025 | Book - Borrowing | Dewey Decimal Classification | |||||||||||
| Central Library | Central Library | First floor | 14/11/2007 | Purchase | 3 | 338.9 CAP | 000008527 | 15/07/2025 | Book - Borrowing | Dewey Decimal Classification | 6 | 15/11/2016 | ||||||||
| Central Library | Central Library | First floor | 03/02/2009 | 338.9 CAP | 000014443 | 15/07/2025 | NB - Book (Non borrowing) | Dewey Decimal Classification | Alahram | 92.70 | 6391 |